Flags of Landlocked European Countries - Statistics

General Stats
  • This quiz has been taken 200 times
  • The average score is 14 of 15
Answer Stats
Picture Answer % Correct
Austria
99%
Czech Republic
98%
North Macedonia
98%
Belarus
97%
Kosovo
97%
Switzerland
97%
Hungary
96%
Andorra
95%
Luxembourg
95%
Slovakia
95%
Vatican City
95%
Serbia
94%
Liechtenstein
92%
San Marino
92%
Moldova
89%
No matching quizzes found
Score Distribution
Percent of People with Each Score
Percentile by Number Answered
Your Score History
You have not taken this quiz